• 首页
  • 本馆介绍
  • 公告通知
  • 最新文献
  • 馆藏检索
  • 电子资源
  • 读者导购
  • 参考咨询
  • 我的图书馆
  • 登录
  • 详细信息显示
  • 放入我的书架
  • 预约/预借图书
  • 作者相关作品
  • 分类相关作品
  • 丛书相关作品
  • 出版社相关作品

书目信息

  • 表格格式
  • 工作单格式
  • 卡片格式
题名:
2007-2011年企业财务会计报告数据摘要
    
 
作者: ;财政部 编
分册:  
出版信息: 北京   中国财政经济出版社  2012
页数: 392页
开本: 26cm
丛书名:
单 册:
中图分类: F275.2
科图分类:
主题词: 企业管理--财务会计--会计报表--中国--2007-2011 , 企业管理 , 财务会计 , 会计报表
电子资源:
ISBN: 978-7-5095-4194-4
000 01124nam0 22002891 450
001 519
005 20140909092430.17
010    @a978-7-5095-4194-4@dCNY65.00
100    @a20131211d2012 em y0chiy50 ea
101 0  @achi
102    @aCN@b110000
105    @ak z 000yy
106    @ar
200 1  @a2007-2011年企业财务会计报告数据摘要@A2007-2011Nian Qi Ye Cai Wu Hui Ji Bao Gao Shu Ju Zhai Yao@f财政部企业司编@FCai Zheng Bu Qi Ye Si Bian
210    @a北京@c中国财政经济出版社@d2012
215    @a392页@d26cm
312    @a封面英文题名:Summary of enterprise financial reports nationwide
330    @a全书从国民经济各主要行业、不同地区、组织形式、隶属关系等多个维度,反映我国各类企业生产经营及效益变化等情况,包括国有及国有控股企业、城镇集体企业、外商投资企业三部分。
510 1  @aSummary of enterprise financial reports nationwide@zeng
606 0  @a企业管理@x财务会计@x会计报表@y中国@z2007-2011
606 0  @a企业管理
606 0  @a财务会计
606 0  @a会计报表
690    @aF275.2@v5
711 02 @a财政部@ACai Zheng Bu@b企业司@4编
801  0 @aCN@bTANGWEI@c20140603
905    @b0837003-05@dF275.2@e1096@f3
    
    2007-2011年企业财务会计报告数据摘要/财政部企业司编.-北京:中国财政经济出版社,2012
    392页;26cm
    
    
    ISBN 978-7-5095-4194-4:CNY65.00
    全书从国民经济各主要行业、不同地区、组织形式、隶属关系等多个维度,反映我国各类企业生产经营及效益变化等情况,包括国有及国有控股企业、城镇集体企业、外商投资企业三部分。
●
相关链接 在E读中查询图书 在五车中查询图书 在当当中查询图书 在豆瓣中查询图书


正题名:2007-2011年企业财务会计报告数据摘要     索取号:F275.2/1096         预约/预借

序号 登录号 条形码 馆藏地/架位号 状态 备注
1 0837003   208370038   第一样本阅览室/ [索取号:F275.2/1096] 在馆    
2 0837004   208370047   第一借阅区/ [索取号:F275.2/1096] 在馆    
3 0837005   208370056   密集书库-海洋学院/ [索取号:F275.2/1096] 在馆    
唐山师范学院图书馆 欢迎您!
大连网信软件有限公司© 版权所有